Gerontopedagogika /

Hlavní autor: Mühlpachr, Pavel, 1962-
Korporativní autor: Masarykova univerzita. Pedagogická fakulta
Jazyk: Čeština
Vydáno: Brno : Masarykova univerzita, 2004
Vydání: 1. vyd.
Témata:
Externí odkaz: Digitalizovaný dokument
Fyzický popis: 203 s. ; 21 cm
Language note: Anglické resumé
Knihy
Uloženo v:
LEADER 01868nam a2200457 a 4500
001 000721767
003 CZ BrMZK
005 20090901133321.0
007 ta
008 040615s2004 xr e 001 0 cze d
015 |a cnb001313849 
020 |a 80-210-3345-2  |q (brož.) 
035 |a (OCoLC)85104185 
040 |a BOA001  |b cze 
041 0 |a cze  |b eng 
072 7 |a 613  |x Hygiena. Lidské zdraví  |2 Konspekt  |9 14 
080 |a 613.98  |2 MRF 
080 |a 37.013.83-053.9  |2 MRF 
080 |a (048.8)  |2 MRF 
100 1 |a Mühlpachr, Pavel,  |d 1962-  |7 ola2003206217  |4 aut 
245 1 0 |a Gerontopedagogika /  |c Pavel Mühlpachr 
250 |a 1. vyd. 
260 |a Brno :  |b Masarykova univerzita,  |c 2004 
300 |a 203 s. ;  |c 21 cm 
500 |a Nad názvem: Masarykova univerzita v Brně. Pedagogická fakulta 
500 |a 300 výt. 
504 |a Obsahuje bibliografii a rejstříky 
546 |a Anglické resumé 
500 |a Dostupné též v digitální podobě v aplikaci Kramerius 
650 0 7 |a stáří  |7 ph126204  |2 czenas 
650 0 7 |a gerontologie  |7 ph120560  |2 czenas 
650 0 7 |a gerontagogika  |7 ph250762  |2 czenas 
655 7 |a monografie  |7 fd132842  |2 czenas 
710 2 |a Masarykova univerzita.  |b Pedagogická fakulta  |7 kn20010709279 
856 4 1 |u http://www.digitalniknihovna.cz/mzk/uuid/uuid:acd2b9b0-685c-11e6-96d6-005056827e51  |y Digitalizovaný dokument  |x NDK 
910 |a BOA001  |b 2-1138.034 
990 |a BK 
996 6 |b 2610223498  |c 2-1138.034  |l MZK  |r Sklad / do 1 hodiny  |n 14  |p p.v.  |w 000721767  |u 000010  |a 1  |e BOA001  |j MZK50  |s P 
996 7 |b 2610223499  |c 2-1138.034  |l MZK  |r Sklad / do 1 hodiny  |n 86  |p p.v.  |w 000721767  |u 000020  |a 1  |e BOA001  |j MZK50  |s A 
996 7 |b 2610224799  |c 2-1138.034  |l MZK  |r Sklad / do 1 hodiny  |n 70  |p kup  |w 000721767  |u 000030  |a 1  |e BOA001  |j MZK50  |s A 
996 7 |b 2610224800  |c 2-1138.034  |l MZK  |r Sklad / do 1 hodiny  |n 81  |p kup  |w 000721767  |u 000040  |a 1  |e BOA001  |j MZK50  |s A